| 000 | 00741nam a2200217 i 4500 | ||
|---|---|---|---|
| 001 | 171302 | ||
| 003 | ES-MaACL | ||
| 005 | 20250808062800.0 | ||
| 008 | 090508s1967 sp |||| | spa d | ||
| 017 | _aM 2731-1967 | ||
| 100 | 0 |
_aTuya, Manuel de. _9111788 |
|
| 245 | 1 | 0 |
_aIntroducción a la Biblia. _nI / _cpor Manuel de Tuya, José Salguero. |
| 260 |
_aMadrid : _b[La Editorial Católica], _c1967. |
||
| 300 |
_aXX, 615 p. ; _c20 cm. |
||
| 490 | 1 |
_aBiblioteca de autores cristianos ; _v262 |
|
| 505 | 8 | _aContiene : Inspiración bíblica ; Canon ; Texto ; Versiones | |
| 700 | 0 |
_aSalguero, José. _9101912 |
|
| 830 | 0 | 0 |
_aBiblioteca de autores cristianos _v262 _9178679 |
| 852 |
_aES-MaACL _jJ-257 _9R.46092 |
||
| 999 |
_c171302 _d171302 |
||